Kerjaya sebagai guru

Bibliographic Details
Main Author: Tuan Mohd. Fadlan Tuan Jaafar
Corporate Author: Title
Format: Book
Published: Pahang : PTS Professional Publishing , 2006
Series:Siri pendidikan kerjaya
Subjects:

MARC

LEADER 00000cam a2200000 7i4500
001 0000012882
005 20160330.0
008 080103
020 |a 983337672X 
090 0 0 |a 371.10023   |b MOH 
100 0 |a Tuan Mohd. Fadlan Tuan Jaafar 
245 1 0 |a Kerjaya sebagai guru   |c Tuan Mohd. Fadlan Tuan Jaafar 
260 |a Pahang :   |b PTS Professional Publishing ,   |c 2006 
440 |a Siri pendidikan kerjaya 
500 |a Teenager ages 13-18 years old (blue) 
650 0 |a Teachers   |x Employment 
650 0 |a Teachers   |x Vocational guidance 
710 0 |a Title 
999 |a 0000923512   |b Book   |c Adult Collection   |e Cawangan Bukit Gambir 
999 |a 0000926473   |b Book   |c Adult Collection   |e Cawangan Bukit Gambir 
999 |a 0000936549   |b Book   |c Teenagers   |e Cawangan Bandar Tenggara 
999 |a 0000939772   |b Book   |c Adult Collection   |e Cawangan Taman Sri Lambak 
999 |a 0000939773   |b Book   |c Adult Collection   |e Cawangan Taman Sri Lambak 
999 |a 0001010407   |b Book   |c Teenagers   |e Perbadanan Perpustakaan Awam Johor 
999 |a 0001010408   |b Book   |c Teenagers   |e Perbadanan Perpustakaan Awam Johor